Śāstrī smaraṇikā. (Record no. 76569)
[ view plain ]
| 000 -LEADER | |
|---|---|
| fixed length control field | 00655cam a22002531 4500 |
| 001 - CONTROL NUMBER | |
| control field | sa 67007411 |
| 003 - CONTROL NUMBER IDENTIFIER | |
| control field | DLC |
| 005 - DATE AND TIME OF LATEST TRANSACTION | |
| control field | 20260227112415.0 |
| 008 - FIXED-LENGTH DATA ELEMENTS--GENERAL INFORMATION | |
| fixed length control field | 900103s1966 ii 000 0 orio |
| 010 ## - LIBRARY OF CONGRESS CONTROL NUMBER | |
| LC control number | sa 67007411 |
| 035 ## - SYSTEM CONTROL NUMBER | |
| System control number | (OCoLC)20841619 |
| 040 ## - CATALOGING SOURCE | |
| Original cataloging agency | DLC |
| Transcribing agency | WaU |
| Modifying agency | DLC |
| 042 ## - AUTHENTICATION CODE | |
| Authentication code | premarc |
| 050 00 - LIBRARY OF CONGRESS CALL NUMBER | |
| Classification number | PK2576 |
| Item number | .J4 |
| 100 1# - MAIN ENTRY--PERSONAL NAME | |
| Personal name | Jena, Murari Mohan, |
| Dates associated with a name | 1934- |
| 245 10 - TITLE STATEMENT | |
| Title | Śāstrī smaraṇikā. |
| 260 ## - PUBLICATION, DISTRIBUTION, ETC. | |
| Date of publication, distribution, etc. | [1966] |
| 300 ## - PHYSICAL DESCRIPTION | |
| Extent | 28, 224 p. |
| Dimensions | 22 cm. |
| 500 ## - GENERAL NOTE | |
| General note | In Oriya. |
| 600 10 - SUBJECT ADDED ENTRY--PERSONAL NAME | |
| Personal name | Shastri, Lal Bahadur, |
| Dates associated with a name | 1904-1966 |
| Form subdivision | Poetry. |
| 650 #0 - SUBJECT ADDED ENTRY--TOPICAL TERM | |
| Topical term or geographic name entry element | Oriya poetry. |
| 700 1# - ADDED ENTRY--PERSONAL NAME | |
| Personal name | Adhikārī, Paramānanda. |
| 700 1# - ADDED ENTRY--PERSONAL NAME | |
| Personal name | Mahanti, Brajamohan. |
No items available.